000 00611nam a22002297a 4500
003 UA-OsUOA
001 41218
007 ta
008 20080721b un ||||| |||| 00| 0 ukr d
100 _aПігідо Федір
090 _a323(477)
_bП36
942 _cBR
040 _aUA-OsUOA
_bukr
_cUA-OsUOA
_dUA-OsUOA
245 _aКонсолідація і т.зв. непередрішенство
300 _a20 с.
955 _a4
041 _aukr
080 _a323(477)
260 _aНовий Ульм
_b"Українські Вісті"
_c1958
650 7 _a32 Політика
_2UDC
999 _c439720
_d439720